000 00289 a2200121 4500
000 nam a22 7a 4500
005 20260217110652.0
020 _a9780691233093
100 _aStorm, Eric
_91116099
245 _aNationalism
260 _bPrinceton university press
_c2024
942 _cGB
999 _c1679887
_d1679887